Actuación Profesional Judicial (Registro nro. 2184)

Detalles MARC
000 -LEADER
fixed length control field 01694 a2200217 4500
001 - CONTROL NUMBER
control field 31485
005 - DATE AND TIME OF LATEST TRANSACTION
control field 20260407155619.0
008 - FIXED-LENGTH DATA ELEMENTS--GENERAL INFORMATION
fixed length control field 260407a1998 arg spa d
003 - CONTROL NUMBER IDENTIFIER
control field AR-UNSa-BCEJYS
040 ## - CATALOGING SOURCE
Original cataloging agency AR-UNSa-BCEJYS
Language of cataloging spa
Transcribing agency AR-UNSa-BCEJYS
080 ## - UNIVERSAL DECIMAL CLASSIFICATION NUMBER
Universal Decimal Classification number 657-051
Common auxiliary subdivision Profesional en Ciencias Económicas (Contador...)
020 ## - INTERNATIONAL STANDARD BOOK NUMBER
International Standard Book Number 950-537-434-8
100 1# - MAIN ENTRY--PERSONAL NAME
Personal name Viegas, Juan Carlos
245 10 - TITLE STATEMENT
Title Actuación Profesional Judicial
264 #1 - PRODUCTION, PUBLICATION, DISTRIBUTION, MANUFACTURE, AND COPYRIGHT NOTICE
Place of production, publication, distribution, manufacture Buenos Aires :
Name of producer, publisher, distributor, manufacturer Ediciones Macchi
Date of production, publication, distribution, manufacture, or copyright notice 1998
300 ## - PHYSICAL DESCRIPTION
Extent 737 p.
Dimensions 23 cm.
505 ## - FORMATTED CONTENTS NOTE
Formatted contents note Parte I: 1. Evolución y caracteristicas de las profesiones en ciencias económicas - 2. Organización judicial - 3. Nociones de derecho procesal - 4. La actuación como perito contador en las controversias laborales en el ambito nacional y de la provincia de buenos aires - 5. Pericias en el fuero penal - 6. Juicio oral: Peritos - Parte II: 7. El contador público - Parte III: 8. Aspectos contables fundamentales relacionados con la actuación del contador público en el ambito judical - Parte IV: 9. Otros desempeño profesionales del contador público y del licenciado en administración en el ambito judicial, en medidas de caracter cautelar(administrador, interventor, liquidador y veedor) - 10. Otros desempeños tradicionales del contador público - 11. El contador público en su rol como consultor técnico en el ambito forense - 12. El perito arbitro dentro del juicio de arbitros y amigables componedores - 13. La labor profesional del contador público en las nuevas alternativas de resolución de conflictos: medición, conciliación y arbitraje.
590 ## - LOCAL NOTE (RLIN)
Local note niveau_biblio:m niveau_hierar:0
700 1# - ADDED ENTRY--PERSONAL NAME
Personal name Fronti de García, Luisa
942 ## - ADDED ENTRY ELEMENTS (KOHA)
Koha item type
Existencias
Withdrawn status Lost status Damaged status Not for loan Home library Current library Shelving location Date acquired Total checkouts Full call number Barcode Date last seen Price effective from Koha item type
        Biblioteca Prof. Eusebio Cleto del Rey Biblioteca Prof. Eusebio Cleto del Rey   07/04/2026   657-051 F935 L85584 07/04/2026 07/04/2026 Libro